000 00696nam a2200193 a 4500
001 000039811
005 20201002033740.0
008 130723s19uu sp a 000 0 spa d
020 _a8474611970
040 _aDO-SdBNP
_bspa
_cBNPHU
082 _axxx
100 1 _aLope de Vega, Félix,
_d1562-1635
_966006
245 1 0 _aSelección de obras /
_cFélix Lopez de Vega ; prólogo y preparación de obra Ramón Esquer Torres.
260 _aMadrid :
_bClub Internacional del Libro,
_c[19-?].
300 _a285 p. :
_bil. ;
_c17 cm.
490 1 _aGrandes genios de la literatura universal
700 1 _aEsquer Torres, Ramón,
_epról.
_966007
830 0 _aGrandes genios de la literatura universal
_97077
999 _c39301
_d39301